| 000 | 00747nam a2200133Ia 4500 | ||
|---|---|---|---|
| 008 | 100328s9999 xx 000 0 und d | ||
| 082 | _b68183 | ||
| 100 | _aजोशी मालती प्रमोद-अनु.(मूळ लेखक-रॉबीन शर्मा). | ||
| 245 | _aसंन्यासी ज्याने आपली संपत्ती विकली (The Monk Who Sold His Ferrari). | ||
| 260 | _bजयको. | ||
| 630 | _aसंन्यासी ज्याने आपली संपत्ती विकली (The Monk Who Sold His Ferrari). | ||
| 730 | _aसंन्यासी ज्याने आपली संपत्ती विकली (The Monk Who Sold His Ferrari). | ||
| 942 | _cBOOK | ||
| 999 |
_c553922 _d553919 |
||